| 000 | 00847nam a2200205Ia 4500 | ||
|---|---|---|---|
| 003 | GCL | ||
| 008 | 140319s9999 xx 000 0 ara d | ||
| 020 | _a8062039660 | ||
| 040 |
_aGCL / _cGCL |
||
| 082 | 0 | 4 |
_a330.121 _bع ت |
| 100 | 1 | _aعصام عباس محمد على نقلي | |
| 245 | 1 | 0 |
_aتحليل الفكر الاقتصادى فى العصر العباسى الاول : _bومدى الاستفادة منه فى الاقتصاد المعاصر / _cعصام عباس محمد على نقلي |
| 250 | _aالاولى | ||
| 260 |
_aالرياض : _bمكتبة الملك فهد الوطنية |
||
| 300 |
_a563 ص ؛ _c24 سم |
||
| 650 | 0 | 4 | _aالاقتصاد الاسلامى |
| 650 | 0 | 4 | _aالاقتصاد - تاريخ |
| 650 | 0 | 4 | _aالدولة العباسية 750 ـ 1258 - الاحوال الاقتصادية |
| 942 |
_2ddc _cBK |
||
| 999 |
_c6992 _d6992 |
||